00465nam a2200193 4500001000800000005001700008008004100025010001700066020001500083040001800098041000800116080001300124082001600137100000700153101000900160245006300169350000900232504003000241181235920180129092150.0700617s1970 njua b 001 0 eng  a 79110489  a0137008317 aDLCcDLCdDLC aeng a001.424 00a001.424 BAR1 a30 aSHKI12aA primer on simulation and gamingc[by] Richard F. Barton. a8.95 aBibliography: p. 226-234.